Kisah-kisah Para Nabi & Rasul : Menjejaki kehidupan perjuangan & Rasul membangunkan hukum Allah disepanjang sejarah hidup manusia

Bibliographic Details
Main Author: Abdullah bin Ahmad Mubarak
Format: Book
Published: Kuala Lumpur : Al-Hidayah , 2002
Series:Jilid 2
Subjects:

MARC

LEADER 00000cam a2200000 7i4500
001 0000056456
005 20151209.0
008 151209
020 |a 9830991865 
090 0 0 |a 297.61   |b ABD 
100 0 |a Abdullah bin Ahmad Mubarak 
245 1 0 |a Kisah-kisah Para Nabi & Rasul :   |b Menjejaki kehidupan perjuangan & Rasul membangunkan hukum Allah disepanjang sejarah hidup manusia   |c Abdullah bin Ahmad Mubarak 
260 |a Kuala Lumpur :   |b Al-Hidayah ,   |c 2002 
300 |a 104pg. 
490 0 |a Jilid 2 
650 0 |a Religions   |x Islam 
999 |a 0000923485   |b Book   |c Adult Collection   |e Cawangan Bukit Gambir 
999 |a 0000923487   |b Book   |c Adult Collection   |e Cawangan Bukit Gambir 
999 |a 0000934051   |b Book   |c Adult Collection   |e Cawangan Tangkak 
999 |a 0000934052   |b Book   |c Adult Collection   |e Cawangan Tangkak 
999 |a 0000934138   |b Book   |c Adult Collection   |e Cawangan Tangkak 
999 |a 0000934139   |b Book   |c Adult Collection   |e Cawangan Tangkak 
999 |a 0000934140   |b Book   |c Adult Collection   |e Cawangan Tangkak